000 00375cam a2200157ua 4500
041 _aeng
_h
082 _a828.09
_bMUL/RE
100 _aMullik, B.R.
245 _aRenaissance literature /
_cB.R Mullik.
_hTextual Documents
250 _a2 /
_b.
260 _aNew Delhi :
_bS.Chand & Sons ,
_c1963.
300 _a112 ; .
504 _a
942 _cBK
999 _c2351
_d2351